[Event "Catalunya-chT Relegation"]
[Site "Barcelona"]
[Date "2022.03.26"]
[Round "1.6"]
[White "Mundet Riera, Jaume"]
[Black "Bru Rullo, Llatzer"]
[Result "0-1"]
[WhiteElo "2068"]
[BlackElo "2255"]
[PlyCount "45"]
[EventDate "2022.03.26"]
[EventType "team-tourn"]
[EventRounds "2"]
[EventCountry "ESP"]
[SourceTitle "CBM 208 Extra"]
[Source "ChessBase"]
[SourceDate "2022.07.31"]
[SourceVersion "1"]
[SourceVersionDate "2022.07.31"]
[SourceQuality "1"]
[WhiteTeam "Gerunda"]
[BlackTeam "Cerdanyola Valles"]
[WhiteTeamCountry "ESP"]
[BlackTeamCountry "ESP"]

1. Nf3 Nf6 2. d4 b6 3. g3 Bb7 4. Bg2 g6 5. 0-0 Bg7 6. c4 0-0 7. Nc3 Ne4 8. Qc2 Nxc3 9. Qxc3 c5 10. Be3 d6 11. Rfd1 Nd7 12. Qd2 Qc7 13. d5 Rab8 14. Bh6 Bh8 15. h4 Nf6 16. Qc2 b5 17. Nd2 Ba6 18. Rab1 Ng4 19. Bg5 Ne5 20. b3 Bg7 21. e4 Rb7 22. Bf4 bxc4 23. bxc4 0-1

[Event "Catalunya-chT Gp1"]
[Site "Barcelona"]
[Date "2022.03.12"]
[Round "8.7"]
[White "Mundet Riera, Jaume"]
[Black "Chalmeta Ugas, Jordi Ramon"]
[Result "1/2-1/2"]
[WhiteElo "2068"]
[BlackElo "2185"]
[PlyCount "35"]
[EventDate "2022.01.22"]
[EventType "team-tourn"]
[EventRounds "9"]
[EventCountry "ESP"]
[SourceTitle "CBM 208 Extra"]
[Source "ChessBase"]
[SourceDate "2022.07.31"]
[SourceVersion "1"]
[SourceVersionDate "2022.07.31"]
[SourceQuality "1"]
[WhiteTeam "Gerunda"]
[BlackTeam "Foment Martinenc"]
[WhiteTeamCountry "ESP"]
[BlackTeamCountry "ESP"]

1. d4 Nf6 2. Nf3 g6 3. g3 Bg7 4. Bg2 d5 5. c4 dxc4 6. Na3 0-0 7. Nxc4 Nc6 8. Nce5 Nxe5 9. Nxe5 c6 10. 0-0 Be6 11. e4 Qb6 12. b3 Rfd8 13. Be3 a5 14. Qc2 Qc7 15. Rac1 Ng4 16. Nxg4 Bxg4 17. f3 Bd7 18. Qf2 1/2-1/2

[Event "Catalunya-chT Gp1"]
[Site "Barcelona"]
[Date "2022.02.19"]
[Round "5.7"]
[White "Mateu Guiu, Esteve"]
[Black "Mundet Riera, Jaume"]
[Result "1-0"]
[WhiteElo "2043"]
[BlackElo "2068"]
[PlyCount "77"]
[EventDate "2022.01.22"]
[EventType "team-tourn"]
[EventRounds "9"]
[EventCountry "ESP"]
[SourceTitle "CBM 208 Extra"]
[Source "ChessBase"]
[SourceDate "2022.07.31"]
[SourceVersion "1"]
[SourceVersionDate "2022.07.31"]
[SourceQuality "1"]
[WhiteTeam "Geva CEA"]
[BlackTeam "Gerunda"]
[WhiteTeamCountry "ESP"]
[BlackTeamCountry "ESP"]

1. d4 Nf6 2. Nf3 g6 3. Nc3 d5 4. Bf4 Bg7 5. Nb5 Na6 6. e3 Nh5 7. Be5 f6 8. Bg3 Nxg3 9. hxg3 c6 10. Nc3 Nc7 11. Bd3 0-0 12. Qe2 Bg4 13. Rh4 f5 14. 0-0-0 Ne8 15. Rdh1 Nf6 16. Qe1 Bxf3 17. gxf3 c5 18. g4 c4 19. Be2 fxg4 20. fxg4 g5 21. R4h3 b5 22. f4 h6 23. Bf3 b4 24. Ne2 Qa5 25. Kb1 Rab8 26. Rxh6 Bxh6 27. Rxh6 Ne4 28. Bxe4 dxe4 29. Qh1 gxf4 30. Qxe4 Rf6 31. Qh7+ Kf8 32. Rxf6+ exf6 33. Qh8+ Kf7 34. Qxb8 fxe3 35. Qb7+ Kg8 36. Qc8+ Kg7 37. Qxc4 b3 38. axb3 Qe1+ 39. Nc1 1-0

[Event "Catalunya-chT Final A+B"]
[Site "Barcelona"]
[Date "2020.03.07"]
[Round "8.7"]
[White "Serra Pages, Jordi"]
[Black "Mundet Riera, Jaume"]
[Result "1/2-1/2"]
[WhiteElo "2240"]
[BlackElo "2100"]
[PlyCount "73"]
[EventDate "2020.03.07"]
[EventType "team-tourn"]
[EventRounds "11"]
[EventCountry "ESP"]
[SourceTitle "EXT 2023"]
[Source "ChessBase"]
[SourceDate "2022.10.05"]
[SourceVersion "1"]
[SourceVersionDate "2022.10.05"]
[SourceQuality "1"]
[WhiteTeam "Figueres"]
[BlackTeam "Gerunda"]
[WhiteTeamCountry "ESP"]
[BlackTeamCountry "ESP"]

1. d4 d6 2. c4 Nf6 3. Nc3 Nbd7 4. e4 e5 5. Nf3 Be7 6. Be2 c6 7. 0-0 0-0 8. Re1 b6 9. Bf1 Re8 10. b3 Bf8 11. g3 Qc7 12. Bg2 Bb7 13. Bb2 g6 14. Qd2 a6 15. Rad1 Rad8 16. d5 cxd5 17. cxd5 Rc8 18. Rc1 Qb8 19. Qe2 Bh6 20. Rc2 Rc7 21. Bc1 Bxc1 22. Rexc1 b5 23. Nd1 Rec8 24. Ne1 b4 25. Rxc7 Rxc7 26. Rxc7 Qxc7 27. Qc2 Nc5 28. Nd3 a5 29. Ne3 Nfd7 30. Bf1 Qd8 31. Bg2 Nxd3 32. Qxd3 Nc5 33. Qc2 Ba6 34. Bf1 Bc8 35. Bg2 Ba6 36. Bf1 Bc8 37. Bg2 1/2-1/2

[Event "Catalunya-chT Gp1"]
[Site "Barcelona"]
[Date "2019.02.09"]
[Round "4.9"]
[White "Mundet Riera, Jaume"]
[Black "Travesset Ribera, Daniel"]
[Result "1-0"]
[WhiteElo "2090"]
[BlackElo "2118"]
[PlyCount "117"]
[EventDate "2019.01.19"]
[EventType "team-tourn"]
[EventRounds "7"]
[EventCountry "ESP"]
[SourceTitle "CBM 188 Extra"]
[Source "ChessBase"]
[SourceDate "2019.02.26"]
[SourceVersion "1"]
[SourceVersionDate "2019.02.26"]
[SourceQuality "1"]
[WhiteTeam "Gerunda"]
[BlackTeam "Sant Andreu"]
[WhiteTeamCountry "ESP"]
[BlackTeamCountry "ESP"]

1. d4 Nf6 2. Bg5 d5 3. Bxf6 exf6 4. e3 c6 5. c4 dxc4 6. Bxc4 Bd6 7. Nc3 f5 8. Nge2 0-0 9. Qc2 Qe7 10. g3 Nd7 11. 0-0 g6 12. a4 Nf6 13. Rfe1 Bd7 14. Nf4 Rfe8 15. Re2 Rad8 16. Nd3 Kg7 17. Kg2 h5 18. h4 Bc8 19. Rd1 b6 20. Nf4 Bb7 21. Kg1 a6 22. Nh3 b5 23. Ba2 b4 24. Nb1 Ne4 25. Nd2 c5 26. d5 Nf6 27. Nf3 Rd7 28. Nhg5 Ne4 29. Bc4 Qf6 30. Qd3 Ra8 31. Qb3 Re8 32. Nxe4 fxe4 33. Ng5 Re5 34. Qc2 Rde7 35. Red2 Bc8 36. Be2 Rxg5 37. hxg5 Qxg5 38. Bf1 Bg4 39. Rc1 Bf3 40. Bg2 h4 41. Qc4 hxg3 42. Qf1 Qh4 43. fxg3 Qxg3 44. Qf2 Qh2+ 45. Kf1 Bg3 46. Qg1 Qh5 47. d6 Re5 48. Qh1 Be2+ 49. Kg1 Qg5 50. Rxe2 Rd5 51. Rf1 Rd3 52. Qh3 Rxd6 53. Bxe4 Be5+ 54. Qg2 Qh4 55. Ref2 Rd7 56. Rxf7+ Rxf7 57. Qxg6+ Kh8 58. Rxf7 Qe1+ 59. Kg2 1-0

[Event "Barcelona Sants op 20th"]
[Site "Barcelona"]
[Date "2018.08.17"]
[Round "1"]
[White "Zanan, Evgeny"]
[Black "Mundet Riera, Jaume"]
[Result "1-0"]
[WhiteElo "2512"]
[BlackElo "2112"]
[PlyCount "85"]
[EventDate "2018.08.17"]
[EventType "swiss"]
[EventRounds "10"]
[EventCountry "ESP"]
[SourceTitle "CBM 186 Extra"]
[Source "ChessBase"]
[SourceDate "2018.08.24"]
[SourceVersion "1"]
[SourceVersionDate "2018.08.24"]
[SourceQuality "1"]

1. d4 d6 2. Nf3 Nf6 3. c4 g6 4. Nc3 Bg7 5. e4 0-0 6. Be2 c6 7. 0-0 Bg4 8. h3 Bxf3 9. Bxf3 Nbd7 10. Be3 e5 11. d5 Qc7 12. Qd2 Nb6 13. b3 Ne8 14. dxc6 Qxc6 15. Rfd1 Kh8 16. Rac1 a6 17. a4 Nd7 18. b4 Nb6 19. b5 Qc7 20. Nd5 Nxd5 21. Qxd5 axb5 22. cxb5 Qe7 23. Rc4 Rd8 24. a5 Nf6 25. Qd2 Ra8 26. Ra4 Rfd8 27. Qb4 Bf8 28. a6 bxa6 29. bxa6 Nd7 30. Be2 Nc5 31. Ra2 Rdb8 32. Qc4 Ra7 33. Qd5 Kg7 34. Raa1 h6 35. Rab1 Rba8 36. Bc4 Qc7 37. Rdc1 Qe7 38. Rb2 Rc8 39. Rcb1 Qc7 40. Bxc5 Qxc5 41. Rb7 Rc7 42. Rxa7 Qxa7 43. Rb7 1-0

[Event "Gerunda op 3rd"]
[Site "Gerunda"]
[Date "2018.05.25"]
[Round "8"]
[White "Mundet Riera, Jaume"]
[Black "Gonzalez Vericat, Sergio"]
[Result "1/2-1/2"]
[WhiteElo "2090"]
[BlackElo "2140"]
[PlyCount "22"]
[EventDate "2018.04.06"]
[EventType "swiss"]
[EventRounds "9"]
[EventCountry "ESP"]
[SourceTitle "CBM 184 Extra"]
[Source "ChessBase"]
[SourceDate "2018.06.28"]
[SourceVersion "1"]
[SourceVersionDate "2018.06.28"]
[SourceQuality "1"]

1. d4 e6 2. c4 Nf6 3. Nf3 Bb4+ 4. Bd2 a5 5. a3 Be7 6. Nc3 d5 7. e3 0-0 8. Bd3 c5 9. dxc5 Bxc5 10. 0-0 Nc6 11. Rc1 Qe7 1/2-1/2

[Event "Gerunda op 3rd"]
[Site "Gerunda"]
[Date "2018.05.18"]
[Round "7"]
[White "Sabria Batlle, Pol"]
[Black "Mundet Riera, Jaume"]
[Result "1-0"]
[WhiteElo "2281"]
[BlackElo "2090"]
[PlyCount "37"]
[EventDate "2018.04.06"]
[EventType "swiss"]
[EventRounds "9"]
[EventCountry "ESP"]
[SourceTitle "CBM 184 Extra"]
[Source "ChessBase"]
[SourceDate "2018.06.28"]
[SourceVersion "1"]
[SourceVersionDate "2018.06.28"]
[SourceQuality "1"]

1. d4 Nf6 2. c4 d6 3. Nc3 Nbd7 4. Nf3 e5 5. e4 Be7 6. Be2 0-0 7. 0-0 Re8 8. Qc2 c6 9. Be3 Qc7 10. h3 a5 11. d5 Nf8 12. Rfd1 Ng6 13. Rac1 h6 14. dxc6 bxc6 15. c5 Nf4 16. cxd6 Bxd6 17. Bf1 Ba6 18. Bxa6 Rxa6 19. Bxf4 1-0

[Event "Catalunya-chT GpB final"]
[Site "Barcelona"]
[Date "2018.03.17"]
[Round "2.6"]
[White "Estrella Vidiella, Jordi"]
[Black "Mundet Riera, Jaume"]
[Result "1-0"]
[WhiteElo "2286"]
[BlackElo "2090"]
[PlyCount "89"]
[EventDate "2018.03.10"]
[EventType "team-tourn"]
[EventRounds "4"]
[EventCountry "ESP"]
[SourceTitle "CBM 183 Extra"]
[Source "ChessBase"]
[SourceDate "2018.04.19"]
[SourceVersion "1"]
[SourceVersionDate "2018.04.19"]
[SourceQuality "1"]
[WhiteTeam "Foment Martinenc"]
[BlackTeam "Gerunda"]
[WhiteTeamCountry "ESP"]
[BlackTeamCountry "ESP"]

1. d4 Nf6 2. Bg5 Ne4 3. Bh4 c5 4. f3 Qa5+ 5. c3 Nf6 6. d5 d6 7. e4 Nbd7 8. Nd2 b5 9. a4 b4 10. Bb5 bxc3 11. bxc3 Qc7 12. f4 g6 13. Bxf6 exf6 14. Ngf3 Bg7 15. Qc2 0-0 16. 0-0 a6 17. Bc6 Rb8 18. a5 Rd8 19. f5 g5 20. g4 h5 21. Nc4 hxg4 22. Nfd2 Kh7 23. Qd1 Rh8 24. Qxg4 Kg8 25. Rab1 Rh4 26. Qg2 Ne5 27. Nxe5 dxe5 28. Rxb8 Qxb8 29. Nc4 Qc7 30. Nb6 c4 31. Qe2 Bf8 32. Qxc4 Kg7 33. Rf3 Ba3 34. Kg2 Bc1 35. Qd3 Bf4 36. Rh3 Bxf5 37. exf5 e4 38. Qe2 Rxh3 39. Kxh3 Qd8 40. Qxe4 Qh8+ 41. Kg4 Qh4+ 42. Kf3 Qxh2 43. Qe2 Qh3+ 44. Ke4 Qxc3 45. Nc4 1-0

[Event "Catalunya-chT Gp2"]
[Site "Barcelona"]
[Date "2018.01.27"]
[Round "2.5"]
[White "Iglesias, Jorge"]
[Black "Mundet Riera, Jaume"]
[Result "1-0"]
[WhiteElo "2296"]
[BlackElo "2090"]
[PlyCount "69"]
[EventDate "2018.01.20"]
[EventType "team-tourn"]
[EventRounds "7"]
[EventCountry "ESP"]
[SourceTitle "CBM 182 Extra"]
[Source "ChessBase"]
[SourceDate "2018.02.23"]
[SourceVersion "1"]
[SourceVersionDate "2018.02.23"]
[SourceQuality "1"]
[WhiteTeam "Sant Josep de Badalona"]
[BlackTeam "Gerunda"]
[WhiteTeamCountry "ESP"]
[BlackTeamCountry "ESP"]

1. c4 c5 2. Nf3 Nc6 3. Nc3 g6 4. e3 Nf6 5. d4 d6 6. d5 Nb8 7. e4 Bg7 8. h3 0-0 9. Bd3 Nbd7 10. 0-0 a6 11. Bf4 Nh5 12. Be3 b6 13. Qd2 Qc7 14. Nh2 e6 15. Be2 Nhf6 16. dxe6 fxe6 17. Rad1 Ne8 18. f4 Nb8 19. f5 Nc6 20. fxe6 Bxe6 21. Nd5 Qb7 22. Rxf8+ Bxf8 23. Nf3 Kh8 24. Bh6 Ng7 25. Bg5 b5 26. b3 bxc4 27. Bxc4 Nb4 28. Bf6 Nxd5 29. exd5 Bd7 30. Qh6 g5 31. Nxg5 Bf5 32. Rf1 Bg6 33. Bc3 Kg8 34. Rf7 Nf5 35. Qxf8+ 1-0

[Event "Girona Pont Major op 2nd"]
[Site "Girona"]
[Date "2017.06.16"]
[Round "8"]
[White "Saurina Suner, Francesc Xavier"]
[Black "Mundet Riera, Jaume"]
[Result "1/2-1/2"]
[WhiteElo "1974"]
[BlackElo "2117"]
[PlyCount "140"]
[EventDate "2017.04.21"]
[EventType "swiss"]
[EventRounds "8"]
[EventCountry "ESP"]
[SourceTitle "CBM 187 Extra"]
[Source "ChessBase"]
[SourceDate "2018.11.04"]
[SourceVersion "1"]
[SourceVersionDate "2018.11.04"]
[SourceQuality "1"]

1. e4 e5 2. Nf3 d6 3. Nc3 Nf6 4. d4 exd4 5. Nxd4 Be7 6. Be2 0-0 7. Be3 Nc6 8. Qd2 a6 9. f3 Nxd4 10. Bxd4 Be6 11. a3 c5 12. Bf2 d5 13. exd5 Nxd5 14. Nxd5 Qxd5 15. Qxd5 Bxd5 16. 0-0 Bf6 17. Rad1 Bc6 18. c3 Rfe8 19. Rfe1 Be7 20. Bc4 Bf8 21. Bd5 Rxe1+ 22. Bxe1 Bxd5 23. Rxd5 b5 24. Bf2 c4 25. Bc5 g6 26. Bxf8 Kxf8 27. Kf2 Ke7 28. Ke3 Ke6 29. Kd4 Rb8 30. Kc5 Rc8+ 31. Kd4 h5 32. Re5+ Kf6 33. Rd5 Re8 34. Kc5 Re2 35. Rd6+ Ke7 36. Rxa6 Rxb2 37. h4 Rxg2 38. Kxb5 Rh2 39. Rc6 Rxh4 40. a4 Rh1 41. a5 Ra1 42. Rxc4 g5 43. a6 Kd7 44. Kb6 h4 45. Rc7+ Ke6 46. a7 h3 47. Rc6+ Kd7 48. Rh6 Rb1+ 49. Kc5 Ra1 50. Rh7 h2 51. Rxf7+ Ke6 52. Rh7 Rxa7 53. Rxh2 Ke5 54. Rg2 Rc7+ 55. Kb4 Rb7+ 56. Kc4 Rc7+ 57. Kd3 Kf5 58. c4 Ra7 59. Kd4 Ra3 60. Rg3 Kf4 61. Rg4+ Kf5 62. c5 Rxf3 63. Rg1 Rf2 64. Kd3 Ra2 65. c6 Ra8 66. Kd4 g4 67. Kd5 Rd8+ 68. Kc5 Kf4 69. c7 Rc8 70. Kd6 g3 1/2-1/2

[Event "Girona Pont Major op 2nd"]
[Site "Girona"]
[Date "2017.06.09"]
[Round "7"]
[White "Mundet Riera, Jaume"]
[Black "Vidal Zamora, Alex"]
[Result "0-1"]
[WhiteElo "2117"]
[BlackElo "2361"]
[PlyCount "56"]
[EventDate "2017.04.21"]
[EventType "swiss"]
[EventRounds "8"]
[EventCountry "ESP"]
[SourceTitle "CBM 187 Extra"]
[Source "ChessBase"]
[SourceDate "2018.11.04"]
[SourceVersion "1"]
[SourceVersionDate "2018.11.04"]
[SourceQuality "1"]

1. d4 Nf6 2. Bg5 d5 3. Bxf6 gxf6 4. e3 c5 5. c4 cxd4 6. Qxd4 Be6 7. cxd5 Qxd5 8. Qxd5 Bxd5 9. Nc3 Bc6 10. Bb5 e6 11. Nge2 a6 12. Bxc6+ Nxc6 13. 0-0-0 Be7 14. Ne4 Rd8 15. g3 f5 16. N4c3 Ne5 17. Nd4 Nc4 18. Rdf1 h5 19. h3 Ne5 20. h4 Ng4 21. Nf3 Bf6 22. Kc2 Ke7 23. Nh2 Ne5 24. Rd1 Rc8 25. Kb3 Rc6 26. a3 Nc4 27. Rd3 Rhc8 28. Rb1 Nxb2 0-1

[Event "Girona Pont Major op 2nd"]
[Site "Girona"]
[Date "2017.05.12"]
[Round "4"]
[White "Vidal Palou, Jordi"]
[Black "Mundet Riera, Jaume"]
[Result "0-1"]
[WhiteElo "1728"]
[BlackElo "2117"]
[PlyCount "52"]
[EventDate "2017.04.21"]
[EventType "swiss"]
[EventRounds "8"]
[EventCountry "ESP"]
[SourceTitle "CBM 187 Extra"]
[Source "ChessBase"]
[SourceDate "2018.11.04"]
[SourceVersion "1"]
[SourceVersionDate "2018.11.04"]
[SourceQuality "1"]

1. d4 Nf6 2. Nf3 g6 3. e3 Bg7 4. Be2 d5 5. c3 0-0 6. Nbd2 b6 7. 0-0 c5 8. Ne5 Qc7 9. Ndf3 e6 10. Bd3 Nbd7 11. Bb5 Bb7 12. Qa4 Rfd8 13. Nxd7 Nxd7 14. Bxd7 Rxd7 15. dxc5 bxc5 16. Qh4 Rad8 17. h3 d4 18. Nh2 dxc3 19. bxc3 Bxc3 20. Rb1 Ba6 21. e4 Bxf1 22. Bg5 Be2 23. f3 Bd4+ 24. Kh1 Be5 25. f4 Rd1+ 26. Rxd1 Rxd1+ 0-1

[Event "Catalunya-chT GpB final"]
[Site "Barcelona"]
[Date "2017.03.25"]
[Round "3.4"]
[White "Porras Mateo, Felipe"]
[Black "Mundet Riera, Jaume"]
[Result "1-0"]
[WhiteElo "2298"]
[BlackElo "2117"]
[PlyCount "76"]
[EventDate "2017.03.11"]
[EventType "team-tourn"]
[EventRounds "11"]
[EventCountry "ESP"]
[SourceTitle "CBM 177 Extra"]
[Source "ChessBase"]
[SourceDate "2017.04.27"]
[SourceVersion "1"]
[SourceVersionDate "2017.04.27"]
[SourceQuality "1"]
[WhiteTeam "Sant Josep de Badalona"]
[BlackTeam "Gerunda"]
[WhiteTeamCountry "ESP"]
[BlackTeamCountry "ESP"]

1. Nf3 d6 2. d4 Nf6 3. Nc3 g6 4. g3 Bg7 5. Bg2 0-0 6. 0-0 Nbd7 7. e4 e5 8. a4 c6 9. a5 Re8 10. Re1 Qc7 11. h3 Nf8 12. Be3 Ne6 13. dxe5 dxe5 14. Qe2 Rd8 15. Qc4 Bd7 16. Red1 b5 17. axb6 axb6 18. Ng5 Bf8 19. Rxa8 Rxa8 20. Nxe6 Bxe6 21. Nd5 Bxd5 22. exd5 Rd8 23. d6 Rxd6 24. Rxd6 Bxd6 25. Qxc6 Qxc6 26. Bxc6 Bc7 27. Bh6 Kh8 28. Kf1 Ng8 29. Be3 Bd8 30. Be8 f6 31. Ke2 Ne7 32. Bd7 Kg7 33. Kd3 Nd5 34. c4 Nc7 35. c5 bxc5 36. Kc4 Kf7 37. Kxc5 Be7+ 38. Kc6 Ne8 1-0

[Event "Catalunya-chT GpB final"]
[Site "Barcelona"]
[Date "2017.03.11"]
[Round "1.6"]
[White "Simon Padros, Emili"]
[Black "Mundet Riera, Jaume"]
[Result "1/2-1/2"]
[WhiteElo "2167"]
[BlackElo "2117"]
[PlyCount "53"]
[EventDate "2017.03.11"]
[EventType "team-tourn"]
[EventRounds "11"]
[EventCountry "ESP"]
[SourceTitle "CBM 177 Extra"]
[Source "ChessBase"]
[SourceDate "2017.04.27"]
[SourceVersion "1"]
[SourceVersionDate "2017.04.27"]
[SourceQuality "1"]
[WhiteTeam "Terrassa"]
[BlackTeam "Gerunda"]
[WhiteTeamCountry "ESP"]
[BlackTeamCountry "ESP"]

1. e4 d6 2. d4 Nf6 3. Nc3 g6 4. f4 Bg7 5. Nf3 c5 6. d5 0-0 7. Bd3 a6 8. a4 e6 9. dxe6 fxe6 10. 0-0 Nc6 11. h3 Nb4 12. Be3 b6 13. Qd2 d5 14. e5 Ne8 15. Bf2 Bb7 16. Bh4 Qd7 17. Nd1 Nc7 18. Be2 Nc6 19. Nf2 Ne7 20. Ng4 Ne8 21. Bd3 Nf5 22. Bg5 Kh8 23. Bxf5 gxf5 24. Nh6 Nc7 25. g4 d4 26. c4 Qe8 27. Rad1 1/2-1/2

[Event "Catalunya-chT Gp1"]
[Site "Barcelona"]
[Date "2017.03.04"]
[Round "7.5"]
[White "Mundet Riera, Jaume"]
[Black "Serra Pages, Jordi"]
[Result "0-1"]
[WhiteElo "2117"]
[BlackElo "2196"]
[PlyCount "122"]
[EventDate "2017.01.21"]
[EventType "team-tourn"]
[EventRounds "7"]
[EventCountry "ESP"]
[SourceTitle "EXT 2018"]
[Source "ChessBase"]
[SourceDate "2017.10.13"]
[SourceVersion "1"]
[SourceVersionDate "2017.10.13"]
[SourceQuality "1"]
[WhiteTeam "Gerunda"]
[BlackTeam "Figueres"]
[WhiteTeamCountry "ESP"]
[BlackTeamCountry "ESP"]

1. e4 e5 2. Nf3 Nc6 3. Bc4 Nf6 4. d3 Bc5 5. c3 d6 6. b4 Bb6 7. 0-0 0-0 8. Nbd2 Ne7 9. Bb3 c6 10. Nc4 Bc7 11. Bc2 Ng6 12. d4 exd4 13. cxd4 d5 14. exd5 Nxd5 15. a3 Nh4 16. Nce5 Bf5 17. Bxf5 Nxf5 18. Qd3 Nde7 19. Re1 f6 20. Qc4+ Qd5 21. Qxd5+ Nxd5 22. Nd3 Rfe8 23. Bd2 Rxe1+ 24. Rxe1 a5 25. Rb1 axb4 26. axb4 Ra3 27. Nc5 b6 28. Ne4 Nd6 29. Nxd6 Bxd6 30. b5 c5 31. dxc5 Bxc5 32. Kf1 Kf7 33. Rb2 g5 34. Ke2 h5 35. g3 Ke6 36. Ne1 Bd4 37. Rb1 Ra2 38. Rb3 Bxf2 39. Nd3 Be3 40. Nb2 Bd4 41. Nc4 Bc3 42. Kd3 Bxd2 43. Nxd2 f5 44. Rb1 f4 45. Rb3 Kf5 46. gxf4 Nxf4+ 47. Ke3 Ng2+ 48. Kd3 Kg4 49. Ke2 Nf4+ 50. Kd1 Ra1+ 51. Kc2 Rh1 52. Nf3 Rf1 53. Ne5+ Kf5 54. Nd7 Rf2+ 55. Kd1 Nd5 56. h3 Kf4 57. Rd3 Ne3+ 58. Ke1 Rh2 59. Nxb6 Kf3 60. Rxe3+ Kxe3 61. Nd5+ Kd4 0-1

[Event "Catalunya-chT Gp1"]
[Site "Barcelona"]
[Date "2017.02.11"]
[Round "4.5"]
[White "Gonzalez Garcia, Marc"]
[Black "Mundet Riera, Jaume"]
[Result "1/2-1/2"]
[WhiteElo "2227"]
[BlackElo "2117"]
[PlyCount "46"]
[EventDate "2017.01.21"]
[EventType "team-tourn"]
[EventRounds "7"]
[EventCountry "ESP"]
[SourceTitle "CBM 176 Extra"]
[Source "ChessBase"]
[SourceDate "2017.03.02"]
[SourceVersion "1"]
[SourceVersionDate "2017.03.02"]
[SourceQuality "1"]
[WhiteTeam "Tres Peons"]
[BlackTeam "Gerunda"]
[WhiteTeamCountry "ESP"]
[BlackTeamCountry "ESP"]

1. d4 d6 2. e4 Nf6 3. Nc3 e5 4. dxe5 dxe5 5. Qxd8+ Kxd8 6. Bc4 Be6 7. Bxe6 fxe6 8. Bg5 Bd6 9. 0-0-0 Nc6 10. Nge2 h6 11. Bh4 g5 12. Bg3 Nh5 13. f3 Ke7 14. Bf2 Nf4 15. Nxf4 exf4 16. Ne2 a6 17. c3 Rhg8 18. h4 Ne5 19. Bd4 c6 20. Kc2 Rad8 21. b3 c5 22. Bxe5 Bxe5 23. Nc1 b6 1/2-1/2

[Event "Platja d'Aro op 4th"]
[Site "Platja d'Aro"]
[Date "2016.06.29"]
[Round "6"]
[White "Castellanos Bogalo, Antonio"]
[Black "Mundet Riera, Jaume"]
[Result "0-1"]
[WhiteElo "2011"]
[BlackElo "2188"]
[PlyCount "106"]
[EventDate "2016.06.25"]
[EventType "swiss"]
[EventRounds "9"]
[EventCountry "ESP"]
[SourceTitle "EXT 2017"]
[Source "ChessBase"]
[SourceDate "2016.10.25"]
[SourceVersion "1"]
[SourceVersionDate "2016.10.25"]
[SourceQuality "1"]

1. e4 e5 2. Nf3 Nc6 3. Nc3 Nf6 4. d4 exd4 5. Nd5 Be7 6. Nxd4 0-0 7. Nb5 Nxd5 8. exd5 Ne5 9. Be2 Bc5 10. Bf4 d6 11. 0-0 a6 12. Nd4 Qf6 13. Be3 Qg6 14. Kh1 Bd7 15. c4 Rae8 16. Rc1 Ng4 17. Bxg4 Bxg4 18. Qd2 Bc8 19. Rfe1 Re4 20. f3 Rh4 21. Bf2 Rh5 22. Re4 Re5 23. Rxe5 dxe5 24. Nf5 Bxf5 25. Bxc5 Rd8 26. Qe3 f6 27. Re1 h5 28. Qf2 b5 29. b3 Bd3 30. Rc1 bxc4 31. bxc4 Rb8 32. d6 Qf7 33. dxc7 Qxc7 34. Qe3 Bg6 35. h3 Bf7 36. Qa3 Rd8 37. Be3 Bxc4 38. Qxa6 Rd1+ 39. Kh2 Rxc1 40. Qa8+ Kh7 41. Qe4+ f5 42. Qxf5+ g6 43. Qg5 Rd1 44. Qh6+ Kg8 45. Qxg6+ Kf8 46. Qf5+ Bf7 47. Bh6+ Ke8 48. Qf6 Qd6 49. Qh8+ Kd7 50. Bg7 Rd5 51. Qa8 e4+ 52. Kg1 Rd1+ 53. Kf2 e3+ 0-1

[Event "Figueres Nadal op 5th"]
[Site "Figueres"]
[Date "2016.01.03"]
[Round "5"]
[White "Mundet Riera, Jaume"]
[Black "Menac Comas, Joan Ramon"]
[Result "1-0"]
[WhiteElo "2182"]
[BlackElo "2077"]
[PlyCount "41"]
[EventDate "2016.01.02"]
[EventType "swiss"]
[EventRounds "7"]
[EventCountry "ESP"]
[SourceTitle "EXT 2017"]
[Source "ChessBase"]
[SourceDate "2016.10.25"]
[SourceVersion "1"]
[SourceVersionDate "2016.10.25"]
[SourceQuality "1"]

1. e4 g6 2. d4 Bg7 3. Nc3 c6 4. Nf3 d5 5. h3 dxe4 6. Nxe4 Nd7 7. Bc4 Ngf6 8. Neg5 0-0 9. Qe2 Nb6 10. Bb3 h6 11. Ne4 Nxe4 12. Qxe4 Bf5 13. Qh4 e5 14. Bg5 Qe8 15. 0-0 e4 16. Rfe1 Qc8 17. g4 exf3 18. Bxh6 Be6 19. g5 Bxb3 20. Bxg7 f5 21. Re7 1-0

[Event "Figueres Nadal op 5th"]
[Site "Figueres"]
[Date "2016.01.02"]
[Round "1"]
[White "Mundet Riera, Jaume"]
[Black "Cantenys Pages, Carles"]
[Result "1-0"]
[WhiteElo "2182"]
[BlackElo "1478"]
[PlyCount "85"]
[EventDate "2016.01.02"]
[EventType "swiss"]
[EventRounds "7"]
[EventCountry "ESP"]
[SourceTitle "EXT 2017"]
[Source "ChessBase"]
[SourceDate "2016.10.25"]
[SourceVersion "1"]
[SourceVersionDate "2016.10.25"]
[SourceQuality "1"]

1. e4 e5 2. Nf3 Nc6 3. d4 exd4 4. Nxd4 Nxd4 5. Qxd4 d6 6. Nc3 Nf6 7. Bg5 Be7 8. 0-0-0 0-0 9. h4 Ng4 10. Bxe7 Qxe7 11. f3 Nf6 12. h5 c5 13. Qxd6 Qxd6 14. Rxd6 Be6 15. Be2 Rad8 16. Rxd8 Rxd8 17. g4 h6 18. e5 Nh7 19. Ne4 Rd5 20. f4 b6 21. c3 Rd7 22. b3 Bd5 23. Bf3 Bb7 24. Rd1 Rxd1+ 25. Kxd1 Bc8 26. Nd6 Bd7 27. Kd2 Kf8 28. Be4 Kg8 29. f5 Ng5 30. Bd5 Kf8 31. Ke3 Ke7 32. Ne4 Nxe4 33. Kxe4 Be8 34. Kf4 Bd7 35. g5 hxg5+ 36. Kxg5 f6+ 37. exf6+ gxf6+ 38. Kf4 Kf8 39. h6 Be8 40. Be6 Bh5 41. Ke4 a6 42. Kd5 a5 43. Kc6 1-0

[Event "Figueres op Rapid"]
[Site "Figueres"]
[Date "2015.08.09"]
[Round "3.2"]
[White "Aymerich Verdaguer, Eduard"]
[Black "Mundet Riera, Jaume"]
[Result "1-0"]
[WhiteElo "2254"]
[BlackElo "2329"]
[PlyCount "60"]
[EventDate "2015.08.09"]
[EventType "swiss (rapid)"]
[EventRounds "9"]
[EventCountry "ESP"]
[SourceTitle "EXT 2024"]
[Source "ChessBase"]
[SourceDate "2023.10.10"]
[SourceVersion "1"]
[SourceVersionDate "2023.10.10"]
[SourceQuality "1"]

1. d4 d6 2. Nf3 Nf6 3. c4 c5 4. dxc5 Qa5+ 5. Nc3 Qxc5 6. e4 Nc6 7. Be3 Qa5 8. Qd2 g6 9. Be2 Bg7 10. 0-0 0-0 11. a3 Ng4 12. b4 Qd8 13. Bg5 h6 14. Bh4 Be6 15. Rac1 Rc8 16. Nd5 g5 17. Bg3 Nf6 18. Bd3 Nh5 19. Bb1 Nxg3 20. hxg3 Bg4 21. Ne3 Bxf3 22. gxf3 Nd4 23. Qd1 e6 24. Kg2 b5 25. c5 dxc5 26. bxc5 Qe7 27. Rh1 Rfd8 28. Ng4 e5 29. Nxh6+ Bxh6 30. Rxh6 Nf5 1-0